000 00391pab a2200157 454500
008 180718b2011 xxu||||| |||| 00| 0 eng d
100 _aKundu, Debolina
245 _aElite capture in participatory urban governance
260 _c2011
300 _ap.23-25.
362 _a5 Mar
650 _aUrban development
773 _aEconomic and Political Weekly
908 _aN
909 _a90876
999 _c90876
_d90876